000 00582nam a22001697a 4500
005 20210912072604.0
008 210902s1999 sp |||gr|||| 00| 0 spa d
020 _a9788425321146
082 _220
_a132.752
100 _aScipione Ferrero, Carlo
_9105181
245 1 0 _aEros en los cinco sentidos
_cCarlo Scipione Ferrero ; traducción y adaptación Julius von Fuck
260 _aBarcelona
_bGrijalbo
_c1989
650 7 _aErotismo
_914720
650 7 _aArte erótico
_99480
700 1 _aFuck, Julius von
_9105907
942 _2DEWEY
_a2
_cLIBRO
_e1
_h132.752
_mS418e
_n0
999 _c319115
_d319115